| 000 | 00578nam a2200145Ia 4500 | ||
|---|---|---|---|
| 008 | 170221s9999 xx 000 0 und d | ||
| 100 | _aElena N. Klochko | ||
| 245 | _aTargeted Program Management of the Fruit and Berry Sub-Complex of Krasnodar Region | ||
| 245 | _cElena N. Klochko, Viktor O. Shishkin, Rustem A. Shichiyakh, Svetlana N. Sychanina, Vitaly M. Smolentsev | ||
| 260 | _bInternational Review of Management and Marketing | ||
| 260 | _cNovember 2012 | ||
| 300 | _a1:2 | ||
| 650 | _xMarketing. | ||
| 856 | _uhttp://www.econjournals.com/index.php/irmm/issue/view/70 | ||
| 999 |
_c310404 _d310404 |
||